000 01116nam a2200253Ia 4500
999 _c56163
_d56163
001 23264
003 GE_BSU
005 20251202143348.0
008 181216s1981||||ge |||||||||||||| ||geo||
040 _cGE_BSU
041 _ageo
080 _a656.61(479.22)(09) ბ-53
100 _aბერაძე, თამაზ
_912119
245 _aზღვაოსნობა ძველ საქართველოში /
_cთამაზ ბერაძე ; რედ. მ. სოხაძე ; მხატვ. გ. ღლონტი.
250 _a1-ლი გამოცემა
264 _aთბილისი :
_bნაკადული,
_c1981.
300 _a187გვ. :
_bილ. ;
_c20 სმ.
541 _h3 ლ.
653 _aზღვაოსნობა ძველ საქართველოში
653 _aზღვაოსნობის ისტორია საქართველოში
700 _aსოხაძე, მ.
_eრედაქტორი
_926321
700 _aღლონტი, გ.
_eმხატვარი
_94929
942 _cBK
_2udc